000
00309nam a2200109Ia 4500
008
171211s9999 xx 000 0 und d
245
_a
This Earth of Mankind (Buru Quartet)
245
_c
Pramoedya Ananta Toer
260
_c
1996
650
_x
CULTURE
856
_u
http://down.ebook777.com/063/9780140256352.pdf
999
_c
347780
_d
347780